Statistiques concernant Anagrammes - Vocabulaire - Série 20

Cliquez ici pour prendre le quiz!

Statistiques générales

  • Ce quiz a été pris 56 fois
  • Le résultat moyen est 8 sur 14

Statistiques - réponses

IndiceAnagrammeMot% Correct
construiteABETIbatie
100%
bêtesNASEanes
92%
fleuveHERONrhone
85%
envolROSSEessor
81%
ôtéRIVAravi
79%
stationsGREASgares
75%
meneurDENIGRAITdirigeant
52%
sèmeREERENTenterre
48%
arrêtTASSEstase
48%
centresRASEEaeres
40%
sdfRENTRAerrant
27%
grisesINVERSEEenivrees
23%
métiersLISTERIAlaitiers
17%
cartesTUERIEStireuse
0%

Distribution des résultats

Percentile par nombre de réponses

% des personnes avec chaque résultat

Votre développement - résultats

Vous n’avez pas pris ce quiz